Statistics for NFL Top 100 2023

Click here to take the quiz!

General Stats

  • This quiz has been taken 47 times
  • The average score is 84 of 100

Answer Stats

RankTeamPositionAnswer% Correct
51New York JetsQBAaron Rodgers
100%
3Philadelphia EaglesQBJalen Hurts
100%
2Minnesota VikingsWRJustin Jefferson
100%
1Kansas City ChiefsQBPatrick Mahomes
100%
11Los Angeles RamsDLAaron Donald
97%
64Green Bay PackersRBAaron Jones
97%
10Kansas City ChiefsDEChris Jones
97%
35San Francisco 49ersRBChristian McCaffrey
97%
13Las Vegas RaidersWRDavante Adams
97%
25Tennessee TitansRBDerrick Henry
97%
100Philadelphia EaglesWRDeVonta Smith
97%
77Seattle SeahawksQBGeno Smith
97%
19San Francisco 49ersTEGeorge Kittle
97%
97Minnesota VikingsFSHarrison Smith
97%
39Cincinnati BengalsWRJa'Marr Chase
97%
66Detroit LionsQBJared Goff
97%
37Philadelphia EaglesCJason Kelce
97%
6Cincinnati BengalsQBJoe Burrow
97%
70Los Angeles ChargersLBJoey Bosa
97%
52Washington CommandersDEJonathan Allen
97%
8Buffalo BillsQBJosh Allen
97%
12Las Vegas RaidersRBJosh Jacobs
97%
32Los Angeles ChargersQBJustin Herbert
97%
42Minnesota VikingsQBKirk Cousins
97%
4San Francisco 49ersDENick Bosa
97%
24Baltimore RavensILBRoquan Smith
97%
16Buffalo BillsWRStefon Diggs
97%
5Kansas City ChiefsTETravis Kelce
97%
60Dallas CowboysCBTrevon Diggs
97%
7Miami DolphinsWRTyreek Hill
97%
84Cleveland BrownsDEZa'Darius Smith
97%
22Philadelphia EaglesWRA.J. Brown
94%
67Detroit LionsWRAmon-Ra St. Brown
94%
21Los Angeles ChargersRBAustin Ekeler
94%
34Dallas CowboysWRCeeDee Lamb
94%
47Los Angeles RamsWRCooper Kupp
94%
56Dallas CowboysQBDak Prescott
94%
99Dallas CowboysDEDemarcus Lawrence
94%
28New York GiantsDTDexter Lawrence
94%
74New York JetsWRGarrett Wilson
94%
36Miami DolphinsCBJalen Ramsey
94%
86Chicago BearsQBJustin Fields
94%
72Baltimore RavensQBLamar Jackson
94%
17Las Vegas RaidersDEMaxx Crosby
94%
53Tampa Bay BuccaneersWRMike Evans
94%
20Cleveland BrownsDEMyles Garrett
94%
29Cleveland BrownsRBNick Chubb
94%
27Pittsburgh SteelersOLBT.J. Watt
94%
96Jacksonville JaguarsQBTrevor Lawrence
94%
61San Francisco 49ersWRDeebo Samuel
91%
15San Francisco 49ersMLBFred Warner
91%
26Green Bay PackersCBJaire Alexander
91%
95New Orleans SaintsRBJamaal Williams
91%
80Baltimore RavensTEMark Andrews
91%
9Dallas CowboysLBMicah Parsons
91%
40New York JetsDTQuinnen Williams
91%
31New York GiantsRBSaquon Barkley
91%
23New York JetsCBSauce Gardner
91%
94Washington CommandersWRTerry McLaurin
91%
14San Francisco 49ersOTTrent Williams
91%
62Seattle SeahawksMLBBobby Wagner
88%
18Pittsburgh SteelersFSMinkah Fitzpatrick
88%
49Denver BroncosCBPatrick Surtain II
88%
55Dallas CowboysRBTony Pollard
88%
73Arizona CardinalsSBudda Baker
84%
30Los Angeles ChargersFSDerwin James
84%
44Miami DolphinsWRJaylen Waddle
84%
33New England PatriotsOLBMatt Judon
84%
41Philadelphia EaglesOTLane Johnson
81%
50New Orleans SaintsDECameron Jordan
78%
65Philadelphia EaglesCBDarius Slay
78%
38Los Angeles ChargersOLBKhalil Mack
78%
89New Orleans SaintsCBMarshon Lattimore
78%
82Miami DolphinsQBTua Tagovailoa
78%
76Seattle SeahawksCBTariq Woolen
75%
68Dallas CowboysGZack Martin
75%
88Detroit LionsDEAidan Hutchinson
72%
54Carolina PanthersDEBrian Burns
72%
57Buffalo BillsFSJordan Poyer
72%
92Baltimore RavensCBMarlon Humphrey
72%
91Free AgentRBDalvin Cook
69%
90Tennessee TitansWRDeAndre Hopkins
69%
75Cincinnati BengalsDETrey Hendrickson
66%
98Tampa Bay BuccaneersOTTristan Wirfs
66%
45Pittsburgh SteelersDTCameron Heyward
63%
71Indianapolis ColtsDTDeForest Buckner
63%
48Philadelphia EaglesOLBHaason Reddick
63%
58Tennessee TitansDTJeffery Simmons
63%
59Denver BroncosFSJustin Simmons
63%
85Houston TexansOTLaremy Tunsil
59%
43New Orleans SaintsOLBDemario Davis
56%
69Buffalo BillsOLBMatt Milano
56%
83Miami DolphinsOTTerron Armstead
53%
46New York JetsILBC.J. Mosley
50%
78San Francisco 49ersSAFTalanoa Hufanga
50%
81Miami DolphinsDTChristian Wilkins
47%
63Atlanta FalconsDTGrady Jarrett
47%
87Atlanta FalconsGChris Lindstrom
41%
79San Francisco 49ersLBDre Greenlaw
34%
93Los Angeles ChargersMLBEric Kendricks
31%

Score Distribution

Percentile by Number Answered

Percent of People with Each Score

Your Score History

You have not taken this quiz